| 000 | 00782cam a2200265 a 4500 | ||
|---|---|---|---|
| 001 | 131646 | ||
| 003 | OSt | ||
| 005 | 20180921 | ||
| 008 | 0000001987 USAA 0000000000 00 | ||
| 020 | _a0-9191-1519-5 | ||
| 110 | _aCanadian Pharmaceutical Association | ||
| 245 |
_aCompendium of pharmaceuticals and specialties 1987 / _cCompendium of pharmaceuticals and specialties 1987 / |
||
| 250 | _a2 | ||
| 260 |
_aToronto : _bCanadian Pharmaceutical |
||
| 300 | _axiii, 946 p. | ||
| 650 | _aFARMACOLOGIA | ||
| 700 | _aI. Canadian Pharmaceutical, publ | ||
| 040 |
_aDLC _cDLC |
||
| 942 |
_2ddc _cBK |
||
| 999 |
_c131646 _d13164600 |
||